02529agaaa2200349 45000010005000000030009000050050017000140070009000310080040000400400023000800410013001031000054001161300025001702400023001952450198002182460016004162500022004322600143004543000034005975080205006315110088008365200686009245380016016105460013016266500063016397000070017027000066017727000070018389420012019089990019019209520240019392010IT-RoPAU20220918181253.0d cvaizq50131s9999||||xx ||| | || ||und|| aIT-RoPAUcIT-RoPAU aITALIANO aPolanski RomangCodice regista SPICS: 1627949812 aLUNA DI FIELE949813 aBITTER MOONgT2744 aLUNA DI FIELEcProdotto da: De Laurentis L. E A. -- Sceneggiatura: Polanski Roman Brach Gerard Brownjohn John -- Diretto da: Polanski RomanpLUNA DI FIELE (Rif. Codice opera principale : C2010) aBITTER MOON aEdizione Standard aFRANCIA (FRACIA - INGHILTE)bR.P. PROD. - TIMOTHY BURRILL PROD. / Distribuzione: FILMAUROg"1992 (1° ed.: 1992 ; Ed. Lingua Orig.: 1992)" aVHSbsonoro, col.c138 minuti a"Fotografia: Delli Colli Tonino; Montaggio: De Luze Herve; Musica: Vangelis Papathanass; Sceneggiatura: Polanski Roman Brach Gerard Brownjohn John; Scenografia: Holt W. Viard G.; Coreografia: Redha; " a"Coyote Peter; Seigner Emmanuelle; Grant Hugh; Scott; Thomas Kristin; Vellani Luca" aSU UNA LUSSUOSA NAVE DA CROCIERA IN ROTTA VERSO L'ORIENTE SI INTRECCIANO LE VITE E I DESTINI DI DUE COPPIE. OSCAR UNO SCRITTORE COSTRETTO SU UNA SEDIA A ROTELLE E MIMI' LA SUA PROVOCANTE GIOVANE MOGLIE CONOSCONO NIGEL E FIONA DUE CONIUGI CHE SPERANO DI SUPERARE IN VACANZA LA CRISI DEL LORO MATRIMONIO. OSCAR AFFASCINA NIGEL COL RACCONTO DETTAGLIATO DELLA SUA PASSIONE PER MIMI' DAL CORTEGGIAMENTO ALL'INTIMITA', DAGLI ECCESSI SESSUALI ALLA NOIA E ALLA VIOLENZA. SEMPRE PIU' FATALMENTE ATTRATTO DA MIMI' CHE SEMBRA RICAMBIARLO NIGEL PRIMA DI AVERLA DEVE ASCOLTARE DA OSCAR LA CONCLUSIONE DEL RACCONTO CHE SARA' INASPETTATA E CRUDELE. STORIA DI UN'OSSESSIONE AMOROSA. FILM A COLORI. aPAL, STEREO aITALIANO aDRAMMATICOeFILMS [VHS]xCodice MATERIA SPICS: 9960934083 aBruckner Pascal e(soggetto)gCodice Soggetto SPICS: 30165949814 aPolanski Roman e(regista)gCodice regista SPICS: 1627949815 aVangelis Papathanasse(musica)gCodice Musica SPICS: 11474949816 cVH2ddc c106989d106989 0010406C_2010_00000000000000071aSPICSbSPICSd2015-01-31l0oC2010r2015-01-31 00:00:00w2015-01-31yVHzProgr. Ins.: 330 / N.Vol.:1 / Copie: 1 / Pag.:0 / Copia rara: n.d. / date import: 1.2.2015 / By Epidotti, Trombetti, Vaglietti